000 00395nam a22001697a 4500
003 MACL
005 20160119122429.0
008 160119b xxu||||| |||| 00| 0 eng d
040 _cMACL
041 _aEnglish
082 _a700CAM
100 _aCamkpbell Joseph
_933107
245 _aThe Art Of Indian Asia
260 _aU.S.A
_bMcclelland
_c1955
650 _aArts
_933108
942 _2ddc
_cBK
999 _c52780
_d52780